000 00372nam a2200133Ia 4500
005 20260326235450.0
008 260326s9999||||xx |||||||||||||| ||und||
100 _aGermani, Gino
245 0 _aUrbanización, Desarrollo y Modernización :
_b Un enfoque Histórico y comparativo /
_cGino Germani
260 _bPaidós
300 _a307 p.
650 _aURBANISMO
942 _cBK
999 _c7723
_d7723